| 000 | 00772nam a22002177a 4500 | ||
|---|---|---|---|
| 003 | KOHA_MİRAKIL | ||
| 005 | 20260414112505.0 | ||
| 008 | 260414b tu ||||| |||| 00| 0 tur d | ||
| 040 |
_aTR-AnABB _btur _cTR-AnABB |
||
| 041 | _atur | ||
| 082 |
_a338.9 _bISS 1971 |
||
| 245 | 0 | 0 |
_aIssues in regional planning : _ba seelction of seminar papers / _cedited by: David M. Dunham, Jos G. M. Hilhorst |
| 260 |
_aParis : _bMouton, _c1971 |
||
| 300 |
_a275 sayfa ; _c18 cm |
||
| 500 | _aKitab içerisinde Prof. Dr. Ruşen Keleş'in satır altı çizimleri ve vurgular mevcuttur. | ||
| 650 | 0 | 4 | _aBölgesel planlama |
| 650 | 0 | 4 | _aEkonomik politika |
| 700 | 1 |
_aDunham, David M., _eeditör _93431 |
|
| 700 | 1 |
_aHilhorst, Jos G. M., _eeditör _93432 |
|
| 942 |
_2ddc _cBK |
||
| 999 |
_c10234 _d10234 |
||
| 900 | _bCan ÇELIK | ||